Antwoorden met de letter L - Statistieken

Algemene statistieken
  • Deze quiz is 9 keer genomen
  • De gemiddelde score is 8 van 20
Antwoordstatistieken
Hint Antwoord % Correct
Door Jezus uit de dood opgewekt Lazarus
88%
Derde stad van Oostenrijk Linz
75%
Hoofdstad tot hoofdstad naar Abuja is verplaatst Lagos
63%
De hoofdstad is Vientiane Laos
63%
Sucre is de officiële hoofdstad, maar in deze stad zetelt de regering La Paz
63%
Schiereiland van Canada Labrador
50%
Band die is opgericht door Jimmy Page Led Zeppelin
50%
Ingreep waarbij delen van de hersenen worden doorgesneden Lobotomie
50%
Schotse ontdekkingsreiziger David Livingstone
38%
Boek van Victor Hugo, ook bekende musical Les Miserables
38%
Periode waarin het niet is toegestaan om je op straat te begeven Lockdown
38%
Zangeres uit Nieuw Zeeland (jajaja) Lorde
38%
Distikstofmonoxide Lachgas
25%
Eerste vrouw van Adam Lilith
25%
Boek van Nabokov Lolita
25%
Muziekfestival in Chicago Lollapalooza
25%
Superbowl trofee is naar deze man vernoemd Vince Lombardi
25%
Nietsen Lanterfanten
13%
Leider van de Onafhankelijke Congostaat Leopold II
13%
Berg die verbonden is met Mount Everest Lhotse
0%
Geen overeenkomende quizzen gevonden
Scoreverdeling
Procent van Mensen met Elke Score
Percentiel versus Aantal Correcte Antwoorden
Uw Scoregeschiedenis
U heeft deze quiz nog niet genomen